Statistics for Atlanta Hawks Triple Double

Click here to take the quiz!

General Stats

  • This quiz has been taken 14 times
  • The average score is 8 of 24

Answer Stats

Player Nb Last % Correct
Bob Pettit21961
85%
Lenny Wilkens31967
85%
Joe Johnson22008
85%
Mookie Blaylock71999
69%
Al Horford12015
69%
Josh Smith32010
69%
Trae Young32020
62%
Dikembe Mutombo12000
54%
Paul Millsap12014
46%
Doc Rivers41989
46%
Cliff Hagan11962
38%
Tree Rollins41983
23%
Jason Terry12003
15%
Walt Bellamy21970
15%
Bill Bridges51970
8%
Bob Sura22004
8%
Si Green11961
8%
Toni Kuko─Ź22001
0%
Dan Roundfield11983
0%
Steve Hawes11978
0%
Herm Gilliam11974
0%
Johnny McCarthy11961
0%
Bob Harrison11955
0%
George Ratkovicz11952
0%

Score Distribution

Percentile by Number Answered

Percent of People with Each Score

Your Score History

You have not taken this quiz